| 000 | 00395nam a2200145Ia 4500 | ||
|---|---|---|---|
| 008 | 231129s1991||||xx |||||||||||||| ||spa|| | ||
| 020 | _a958-30-0041-8 | ||
| 040 | _bspa | ||
| 082 | _a796.24 P434r | ||
| 100 | _aPerea Rosero Tucidides | ||
| 245 | 0 | _aReglamento nacional de tejo y pony-tejo | |
| 260 | _c1991 | ||
| 264 | _aPanamericana | ||
| 942 |
_2ddc _cBKS |
||
| 999 |
_c23883 _d23883 |
||